Chargement en cours...

Chronicle of the second world war

Détails bibliographiques
Auteur principal: Mercer, Derrik; Ed
Format: Printed Book
Publié: Essex, Longman 1990
Sujets:
LEADER 004580000a22001570004500
020 |a 0 582 07573 4 
082 |a 940.53 N0 
100 |a Mercer, Derrik; Ed 
245 |a Chronicle of the second world war 
260 |a Essex, Longman 
260 |c 1990 
465 |a P 29.95 
650 |a History 
942 |c BK 
999 |c 1924  |d 1924 
952 |0 0  |1 0  |4 0  |6 940_530000000000000_N0  |7 0  |8 REF  |9 1716  |a MGUL  |b MGUL  |d 2013-07-16  |e P 29.95  |l 0  |o 940.53 N0  |p 10456  |r 2019-03-26  |w 2013-07-16  |y REF